Phân vùng địa lý tự nhiên lãnh thổ Việt Nam

Na minha lista:
Detalhes bibliográficos
Autor principal: ủy Ban Khoa học Kỹ thuật Nhà nước
Formato: Livro
Idioma:Undetermined
Publicado em: Hà Nội KHKT 1970
Assuntos:
Tags: Adicionar Tag
Sem tags, seja o primeiro a adicionar uma tag!
Thư viện lưu trữ: Trung tâm Học liệu Trường Đại học Cần Thơ
LEADER 00556nam a2200169Ia 4500
001 CTU_10377
008 210402s9999 xx 000 0 und d
082 |a 915.97 
082 |b U523 
100 |a ủy Ban Khoa học Kỹ thuật Nhà nước 
245 0 |a Phân vùng địa lý tự nhiên lãnh thổ Việt Nam 
245 0 |c ủy Ban Khoa học Kỹ thuật Nhà nước 
260 |a Hà Nội 
260 |b KHKT 
260 |c 1970 
650 |a vietnam - geography 
980 |a Trung tâm Học liệu Trường Đại học Cần Thơ